Jak vznikal welfare state? Soukromé pojišťovací instituce jako faktický počátek struktur sociálního státu
Typológia sociálnych štátov. Friendly societes ako základná štruktúra britského welfare state.
Salvato in:
| Autore principale: | |
|---|---|
| Altri autori: | |
| Natura: | Capitolo di libro |
| Lingua: | ceco |
| Soggetti: | |
| Tags: |
Nessun Tag, puoi essere il primo ad aggiungerne!!
|
MARC
| LEADER | 00000naa a2200000 4500 | ||
|---|---|---|---|
| 001 | 0238134 | ||
| 005 | 20220713131120.9 | ||
| 041 | 0 | |a cze | |
| 044 | |a CZ | ||
| 245 | 1 | 0 | |a Jak vznikal welfare state? Soukromé pojišťovací instituce jako faktický počátek struktur sociálního státu |c Jan Holoubek, František Svoboda |
| 520 | |a Typológia sociálnych štátov. Friendly societes ako základná štruktúra britského welfare state. | ||
| 610 | 2 | 0 | |a Veľká Británia |
| 610 | 2 | 0 | |a poistenie súkromné |
| 610 | 2 | 0 | |a štát sociálny |
| 610 | 2 | 0 | |a história |
| 100 | 1 | |a Holoubek, Jan | |
| 700 | 1 | |a Svoboda, František | |